| 000 | 00739nam a22001937a 4500 | ||
|---|---|---|---|
| 008 | 090504t xxu||||| |||| 00| 0 eng d | ||
| 020 | _a9780131363113 | ||
| 020 | _a0131363115 | ||
| 082 |
_221 _a620.3 _bINM |
||
| 100 |
_aInman, Daniel J. _d1947- _94558 |
||
| 245 |
_aEngineering vibration / _cDaniel J. Inman. |
||
| 250 |
_a3rd ed. _bPearson International Edition. |
||
| 260 |
_aUpper Saddle River, N.J. : _bPrentice Hall, _cc2009. |
||
| 300 |
_axiv, 669p.; _bill.; _c24 cm. |
||
| 504 | _aIncludes bibliographical references and index. | ||
| 650 |
_aVibration. _94559 |
||
| 942 |
_2ddc _cBB |
||
| 999 |
_c11488 _d11488 |
||